00331nam a22000977a 4500082001300000100003500013245010600048260006000154300001100214563000800225 a341bMOI aMoini, Saiyyad Muhammad Saleem aInternational Law:bas applied construction contracts in Middle East /cSaiyyad Muhammad Saleem Moini aKarachi :bPakistan Writers Co-Operative Societyc1995. a451 p. aHB.